| 000 | 00872cam a22002413a 4500 | ||
|---|---|---|---|
| 001 | 30804 | ||
| 003 | PGUSA | ||
| 005 | 20140828083651.0 | ||
| 008 | 091230s2009||||xxu|||||s|||||000 | eng d | ||
| 040 |
_aPGUSA _beng |
||
| 042 | _adc | ||
| 050 | 4 | _aZ | |
| 100 | 1 |
_aGage, Harry Lawrence, _d1887-1982 |
|
| 245 | 1 | 0 |
_aApplied Design for Printers : _bA Handbook of the Principles of Arrangement, with Brief Comment on the Periods of Design Which Have Most Strongly Influenced Printing Typographic Technical Series for Apprentices #43 _h[electronic resource] / _cHarry Lawrence Gage |
| 260 |
_bProject Gutenberg, _c2009 |
||
| 506 | _aPublic domain in the USA. | ||
| 516 | _aElectronic text | ||
| 653 | _aBook ornamentation | ||
| 653 | _aGraphic design (Typography) | ||
| 830 | 0 |
_aProject Gutenberg _v30804 |
|
| 856 | 4 | 0 | _uhttp://www.gutenberg.org/ebooks/30804 |
| 942 | _cEB | ||
| 999 |
_c260059 _d260059 |
||